02050nam a22004454a 4500001001200000003000800012006001900020007001500039008004100054010001700095015001900112016002000131016001800151020003100169020002800200040002100228035002100249043002100270050002800291082001900319111010500338245017900443260007100622300003100693500020600724504005100930533015200981650002801133650003601161650005001197650004301247650003601290655002901326700002801355700003501383700001701418710002601435710001701461856012601478ebr10231470CaPaEBRm u cr cn|||||||||080110s2008 enkab sb 101 0 eng  z 2008001269 aGBA8692212bnb7 z1014633502DNLM7 z0146220162Uk z9781845930820 (alk. paper) z1845930827 (alk. paper) aCaPaEBRcCaPaEBR a(OCoLC)236163984 af------amm-----14aRA1242.M94bM923 2008eb04a615.9/52952222 aMycoglobe Conference "Reducing Impact of Mycotoxins in Tropical Agriculture"d(2005 :cAccra, Ghana)10aMycotoxinsh[electronic resource] :bdetection methods, management, public health, and agricultural trade /cedited by John F. Leslie, Ranajit Bandyopadhyay, Angelo Visconti. aWallingford, UK ;aCambridge, MA ;aCambridge, MA :bCABI,cc2008. axix, 476 p. :bill., maps. a"This publication is based on contributions from participants at the Mycoglobe Conference 'Reducing Impact of Mycotoxins in Tropical Agriculture' from 13-16 September 2005 in Accra, Ghana"--T.p. verso. aIncludes bibliographical references and index. aElectronic reproduction.bPalo Alto, Calif. :cebrary,d2013.nAvailable via World Wide Web.nAccess may be limited to ebrary affiliated libraries. 0aMycotoxinsvCongresses. 0aMycotoxinszAfricavCongresses. 0aMycotoxinszMediterranean RegionvCongresses. 0aFungal diseases of plantsvCongresses. 0aFood contaminationvCongresses. 7aElectronic books.2local1 aLeslie, John F.,d1953-1 aBandyopadhyay, Ranajit,d1953-1 aVisconti, A.2 aC.A.B. International.2 aebrary, Inc.40uhttp://site.ebrary.com/lib/rucke/Doc?id=10231470zAn electronic book accessible through the World Wide Web; click to view